Asian Capitals in Random Order - Statistics

General Stats
  • This quiz has been taken 20 times
  • The average score is 33 of 48
Answer Stats
Hint Answer % Correct
United Arab Emirates Abu Dhabi
85%
Thailand Bangkok
85%
China Beijing
85%
Syria Damascus
85%
India New Delhi
85%
Saudi Arabia Riyadh
85%
Japan Tokyo
85%
Iraq Baghdad
77%
Kyrgyzstan Bishkek
77%
Bangladesh Dhaka
77%
East Timor Dili
77%
South Korea Seoul
77%
Iran Tehran
77%
Bhutan Thimphu
77%
Armenia Yerevan
77%
Turkey Ankara
69%
Turkmenistan Ashgabat
69%
Kazakhstan Astana
69%
Azerbaijan Baku
69%
Lebanon Beirut
69%
Vietnam Hanoi
69%
Indonesia Jakarta
69%
Israel Jerusalem
69%
Nepal Kathmandu
69%
Kuwait Kuwait City
69%
Bahrain Manama
69%
Oman Muscat
69%
Cyprus Nicosia
69%
North Korea Pyongyang
69%
Singapore Singapore
69%
Sri Lanka Sri JayawardenepuraKotte
69%
Uzbekistan Tashkent
69%
Mongolia Ulaanbaatar
69%
Qatar Doha
62%
Tajikistan Dushanbe
62%
Afghanistan Kabul
62%
Malaysia Kuala Lumpur
62%
Maldives Malé
62%
Philippines Manila
62%
Myanmar Naypyidaw
62%
Cambodia Phnom Penh
62%
Taiwan Taipei
62%
Georgia Tbilisi
62%
Laos Vientiane
62%
Jordan Amman
54%
Brunei Bandar Seri Begawan
54%
Pakistan Islamabad
54%
Yemen Sana'a
54%
No matching quizzes found
Score Distribution
Percent of People with Each Score
Percentile by Number Answered
Your Score History
You have not taken this quiz